<?xml version="1.0" encoding="UTF-8"?><?xml-stylesheet type="text/xsl" href="static/style.xsl"?><OAI-PMH xmlns="http://www.openarchives.org/OAI/2.0/" xmlns:xsi="http://www.w3.org/2001/XMLSchema-instance" xsi:schemaLocation="http://www.openarchives.org/OAI/2.0/ http://www.openarchives.org/OAI/2.0/OAI-PMH.xsd"><responseDate>2026-04-14T07:06:38Z</responseDate><request verb="GetRecord" identifier="oai:www.recercat.cat:10459.1/467037" metadataPrefix="marc">https://recercat.cat/oai/request</request><GetRecord><record><header><identifier>oai:recercat.cat:10459.1/467037</identifier><datestamp>2025-09-15T18:49:20Z</datestamp><setSpec>com_2072_3622</setSpec><setSpec>col_2072_479130</setSpec></header><metadata><record xmlns="http://www.loc.gov/MARC21/slim" xmlns:dcterms="http://purl.org/dc/terms/" xmlns:xsi="http://www.w3.org/2001/XMLSchema-instance" xmlns:doc="http://www.lyncode.com/xoai" xsi:schemaLocation="http://www.loc.gov/MARC21/slim http://www.loc.gov/standards/marcxml/schema/MARC21slim.xsd">
   <leader>00925njm 22002777a 4500</leader>
   <datafield ind2=" " ind1=" " tag="042">
      <subfield code="a">dc</subfield>
   </datafield>
   <datafield ind2=" " ind1=" " tag="720">
      <subfield code="a">Cuerda Ballester, María</subfield>
      <subfield code="e">author</subfield>
   </datafield>
   <datafield ind2=" " ind1=" " tag="720">
      <subfield code="a">Sancho-Cantus, David</subfield>
      <subfield code="e">author</subfield>
   </datafield>
   <datafield ind2=" " ind1=" " tag="720">
      <subfield code="a">Martínez Rubio, David</subfield>
      <subfield code="e">author</subfield>
   </datafield>
   <datafield ind2=" " ind1=" " tag="720">
      <subfield code="a">García-Pardo, María Pilar</subfield>
      <subfield code="e">author</subfield>
   </datafield>
   <datafield ind2=" " ind1=" " tag="720">
      <subfield code="a">de la Rubia Ortí, José Enrique</subfield>
      <subfield code="e">author</subfield>
   </datafield>
   <datafield ind2=" " ind1=" " tag="260">
      <subfield code="c">2024</subfield>
   </datafield>
   <datafield ind2=" " ind1=" " tag="520">
      <subfield code="a">Multiple sclerosis (MS) is a neurodegenerative disease that presents with both motor and non-motor symptoms, with anxiety and depression being prominent and potentially exacerbated by negative thoughts. Therefore, the experiential avoidance (EA) exhibited by patients post diagnosis is particularly relevant. This study aimed to measure the degree of EA in patients with MS and determine its relationship with emotional disturbances. A cross-sectional descriptive study was conducted using a sample of 64 patients diagnosed with MS. In October 2018, these patients underwent evaluations of functional and cognitive variables, such as anxiety, depression, and avoidant behaviors towards the disease, using the Expanded Disability Status Scale, Acceptance and Action Questionnaire-II, Self-Compassion Scale Short Form, Five Facet Mindfulness Questionnaire-15, prefrontal symptoms inventory, Beck Depression Inventory II, and State-Trait Anxiety Inventory to assess coping mechanisms in handling the disease. Higher levels of state anxiety (β = 0.79; p &lt; 0.001), trait anxiety (β = 0.82; p &lt; 0.001), and depression (β = 0.62; p &lt; 0.001) were observed in patients with MS as their EA and psychological inflexibility increased. Participants with high self-compassion/self-acceptance tended to have fewer negative thoughts and exhibited better coping with the disease, which may, in turn, affect patterns of psychological rigidity or inflexibility. Dimensions such as kindness and humility could act as positive factors in coping with the disease, whereas self-judgment and isolation are negative elements often associated with avoidant behaviors that hinder effective coping with the illness.</subfield>
   </datafield>
   <datafield tag="653" ind2=" " ind1=" ">
      <subfield code="a">Anxiet</subfield>
   </datafield>
   <datafield tag="653" ind2=" " ind1=" ">
      <subfield code="a">Depression</subfield>
   </datafield>
   <datafield tag="653" ind2=" " ind1=" ">
      <subfield code="a">Multiple sclerosis; psychological inflexibility.  PubMed Disclaimer Conflict of interest statement</subfield>
   </datafield>
   <datafield tag="653" ind2=" " ind1=" ">
      <subfield code="a">Multiple sclerosis</subfield>
   </datafield>
   <datafield tag="653" ind2=" " ind1=" ">
      <subfield code="a">Psychological inflexibility</subfield>
   </datafield>
   <datafield ind2="0" ind1="0" tag="245">
      <subfield code="a">Relationship between Experiential Avoidance and Emotional Disturbances in Coping with Disease in Patients with Multiple Sclerosis</subfield>
   </datafield>
</record></metadata></record></GetRecord></OAI-PMH>